Flexible carbon-based electronics / (Record no. 2302)

MARC details
000 -LEADER
fixed length control field 00477cam a22001577i 4500
008 - FIXED-LENGTH DATA ELEMENTS--GENERAL INFORMATION
fixed length control field 240214s2018 gw a b 001 0 eng
020 ## - INTERNATIONAL STANDARD BOOK NUMBER
ISBN 9783527341917
245 00 - TITLE STATEMENT
Title Flexible carbon-based electronics /
Statement of responsibility, etc edited by Paolo Samorì and Vincenzo Palermo.
300 ## - COLLATION
Pagination xvi, 318 pages :
Other physical details illustrations ;
650 #0 - TRACINGS
Main Subject Flexible electronics.
650 #0 - TRACINGS
Main Subject Organic electronics.
700 1# - ADDITIONAL AUTHOR
Additional Author Samorì, Paolo,
700 1# - ADDITIONAL AUTHOR
Additional Author Palermo, Vincenzo,
942 ## - ADDED ENTRY ELEMENTS (KOHA)
Item type Books
050 00 - LIBRARY OF CONGRESS CALL NUMBER
Classification number QD 572.C37,F54
Holdings
Source of classification or shelving scheme Not for loan Permanent location Current location Date acquired Accession No. Full call number Barcode. Koha item type
Library of Congress Classification   Samuel Ogbemudia Main Library, University of Abuja Samuel Ogbemudia Main Library, University of Abuja 03/13/2025 2024/63935 QD572.C37.F54 2025-0566 Books